00664nam a2200181 a 450000100100000000500170001000800410002704000250006810000270009324500700012026000410019030000210023149000320025270000370028483000390032195201050036099900170046500003526720200930074222.0111027s2004 ag 000 0 spa d aDO-SdBNPbspacBNPHU1 aBasch, Víctor96102610aSchumann /cVíctor Basch ; traducción de Francisco Courolles. aBuenos Aires :bTor-S.R.L.,c[19uu]? a188 p. ;c18 cm.1 aLos maestros de la música12aCourolles, Franciscoetr.961027 0aLos maestros de la música961028 001050718MOaGRbGRcCTd2011-10-27iLF1l0o p35267-10r2020-06-25w2020-06-25y1ZNo se presta c34758d34758